Estrategia nacional para fortalecer los recursos humanos y las habilidades para avanzar hacia un desarrollo verde, con bajas emisiones y resiliencia climática. (Registro nro. 47788)
[ vista simple ]
| 000 -CABECERA | |
|---|---|
| campo de control de longitud fija | 00782nam a2200169 a 4500 |
| 001 - NÚMERO DE CONTROL | |
| campo de control | 000048300 |
| 005 - FECHA Y HORA DE LA ÚLTIMA TRANSACCIÓN | |
| campo de control | 20201002061045.0 |
| 008 - DATOS DE LONGITUD FIJA--INFORMACIÓN GENERAL | |
| campo de control de longitud fija | 181214s2012 dr a r 000 spa d |
| 040 ## - FUENTE DE LA CATALOGACIÓN | |
| Centro catalogador/agencia de origen | DO-SdBNP |
| Lengua de catalogación | spa |
| Centro/agencia transcriptor | BNPHU |
| 082 ## - NÚMERO DE LA CLASIFICACIÓN DECIMAL DEWEY | |
| Número de clasificación | xxx |
| Número de documento/Ítem | R426e |
| 110 1# - ENTRADA PRINCIPAL--NOMBRE DE ENTIDAD CORPORATIVA | |
| Nombre de entidad corporativa o nombre de jurisdicción como elemento de entrada | República Dominicana. |
| Unidad subordinada | Presidencia de la República Dominicana |
| 9 (RLIN) | 37585 |
| 245 #0 - MENCIÓN DE TÍTULO | |
| Título | Estrategia nacional para fortalecer los recursos humanos y las habilidades para avanzar hacia un desarrollo verde, con bajas emisiones y resiliencia climática. |
| 246 1# - FORMA VARIANTE DE TÍTULO | |
| Título propio/Titulo breve | Consejo Nacional para el Cambio Climático y el Mecanismo de Desarrollo Limpio |
| 260 ## - PUBLICACIÓN, DISTRIBUCIÓN, ETC. | |
| Lugar de publicación, distribución, etc. | Santo Domingo : |
| Nombre del editor, distribuidor, etc. | Consejo Nacional para el Cambio Climático y el Mecanismo de Desarrollo Limpio, |
| Fecha de publicación, distribución, etc. | 2012. |
| 300 ## - DESCRIPCIÓN FÍSICA | |
| Extensión | 131 p. : |
| Otras características físicas | il. ; |
| Dimensiones | 23 cm. |
| 590 ## - NOTA LOCAL (RLIN) | |
| Nota local | Inventariado, 2019 / DG |
| Estado de retiro | Estado de pérdida | No para préstamo | Código de colección | Localización permanente | Ubicación/localización actual | Ubicación en estantería | Fecha de adquisición | Número de inventario | Total de préstamos | Signatura topográfica completa | Código de barras | Fecha visto por última vez | Precio válido a partir de | Tipo de ítem Koha |
|---|---|---|---|---|---|---|---|---|---|---|---|---|---|---|
| Excluido de préstamo | Patrimonio Dominicano | Patrimonio Dominicano | Patrimonio Dominicano | Depósito | 14.12.2018 | LF1 | xxx R426e | 48300-10 | 25.06.2020 | 25.06.2020 | Libro y Folleto Colección Patrimonio Dominicano |
